Regional development and policy in Slovakia: past, present and future
Regionálny vývoj v posledných sedemnástich rokoch. Vývoj regionálnej politiky na Slovensku. Meniaca sa úloha verejnej správy v regionálnom vývoji. Budúcnosť regionálnej politiky - nové programové obdobie na roky 2007-2013.
Na minha lista:
| Autor principal: | |
|---|---|
| Formato: | Capítulo de Livro |
| Idioma: | inglês |
| Assuntos: | |
| Tags: |
Sem tags, seja o primeiro a adicionar uma tag!
|
MARC
| LEADER | 00000naa$a2200000$$$4500 | ||
|---|---|---|---|
| 001 | 0105336 | ||
| 005 | 20240502083250.5 | ||
| 041 | 0 | |a eng | |
| 044 | |a HU | ||
| 245 | 1 | 0 | |a Regional development and policy in Slovakia: past, present and future |c Štefan Rehák |
| 520 | |a Regionálny vývoj v posledných sedemnástich rokoch. Vývoj regionálnej politiky na Slovensku. Meniaca sa úloha verejnej správy v regionálnom vývoji. Budúcnosť regionálnej politiky - nové programové obdobie na roky 2007-2013. | ||
| 610 | 2 | 0 | |a vývoj regionálny |
| 610 | 2 | 0 | |a politika regionálna |
| 610 | 2 | 0 | |a história |
| 610 | 2 | 0 | |a správa verejná |
| 610 | 2 | 0 | |a samospráva regionálna |
| 610 | 2 | 0 | |a Slovensko |
| 100 | 1 | |a Rehák, Štefan, 1974- | |